000 00821nam a2200121Ia 4500
008 220620s9999||||xx |||||||||||||| ||und||
100 _aSpanta, Frangis Dadfar
245 0 _aUmstrittene Regierungsführung in Afghanistan
_bKulturelle und politische Ordnungsvorstellungen der afghanischen Eliten
546 _aEnglish[eng]
650 _aPolitical Science and International Studies||Afghanistan||Peace Building||Conflict||Neopatrimonialism||Nation Building||Politics||Social Inequality||Culture||International Relations||Political Sociology||State||Democracy||Political Science||Elites
856 _uhttps://library.oapen.org/bitstream/20.500.12657/25035/1/1005066.pdf||https://library.oapen.org/bitstream/20.500.12657/25035/1/1005066.pdf||https://library.oapen.org/bitstream/20.500.12657/25035/1/1005066.pdf
942 _cEB
999 _c25319
_d25319